| 000 | 01100cam a2200301 a 4500 | ||
|---|---|---|---|
| 001 | 2532 | ||
| 005 | 20231214102352.0 | ||
| 020 | _a9780399251764 | ||
| 040 |
_aDLC _cDLC _dDLC _beng |
||
| 050 | 0 | 0 |
_aPZ7.G88429 _bRi 2009 |
| 082 | 0 | 0 |
_a469 _222 |
| 100 | 1 | _aGrimes, Nikki | |
| 245 | 1 | 0 |
_aRich : _ba Dyamonde Daniel book / _cNikki Grimes ; illustrated by R. Gregory Christie. |
| 250 | _aFirst Scholastic printing, December 2009 | ||
| 260 |
_aNew York : _bScholastic, _c2009 |
||
| 300 |
_a95 pages : _billustrations ; _c19 cm |
||
| 505 | _aM | ||
| 520 | _aFree is excited about a local poetry contest because of its cash prize, but when he and Dyamonde befriend a classmate who is homeless and living in a shelter, they rethink what it means to be rich or poor. | ||
| 521 |
_a630 _bLexile |
||
| 521 |
_aM _bRaz-Plus |
||
| 650 | 1 |
_aHomeless persons _vFiction. |
|
| 650 | 1 |
_aFriendship _vFiction. |
|
| 650 | 1 |
_aPoetry _vFiction. |
|
| 650 | 1 |
_aAfrican Americans _vFiction. |
|
| 700 | 1 |
_aChristie, R. Gregory _d1971- _eill. |
|
| 906 |
_a7 _bcbc _corignew _d1 _eecip _f20 _gy-gencatlg |
||
| 942 |
_2ddc _cBK _n0 |
||
| 999 |
_c2532 _d2532 |
||